<?xml version="1.0" encoding="UTF-8"?>
<record
    xmlns:xsi="http://www.w3.org/2001/XMLSchema-instance"
    xsi:schemaLocation="http://www.loc.gov/MARC21/slim http://www.loc.gov/standards/marcxml/schema/MARC21slim.xsd"
    xmlns="http://www.loc.gov/MARC21/slim">

  <leader>00708nam a22002657a 4500</leader>
  <controlfield tag="001">9261</controlfield>
  <controlfield tag="003">FISKH</controlfield>
  <controlfield tag="005">20251205160722.0</controlfield>
  <controlfield tag="008">251205b        cb ||||| |||| 00| 0 eng d</controlfield>
  <datafield tag="020" ind1=" " ind2=" ">
    <subfield code="a">9781604728040</subfield>
  </datafield>
  <datafield tag="040" ind1=" " ind2=" ">
    <subfield code="a">FISKH</subfield>
    <subfield code="b">eng </subfield>
    <subfield code="c">FISKH</subfield>
    <subfield code="d">FISKH</subfield>
  </datafield>
  <datafield tag="050" ind1=" " ind2=" ">
    <subfield code="a">QL565.G746</subfield>
  </datafield>
  <datafield tag="082" ind1=" " ind2=" ">
    <subfield code="a"> 595.7</subfield>
  </datafield>
  <datafield tag="100" ind1=" " ind2=" ">
    <subfield code="a">Greve, Tom </subfield>
  </datafield>
  <datafield tag="245" ind1=" " ind2=" ">
    <subfield code="a">Buzzing bugs / </subfield>
    <subfield code="c">Tom Greve</subfield>
  </datafield>
  <datafield tag="260" ind1=" " ind2=" ">
    <subfield code="a">Florida : </subfield>
    <subfield code="b">Rourke, </subfield>
    <subfield code="c">2009. </subfield>
  </datafield>
  <datafield tag="300" ind1=" " ind2=" ">
    <subfield code="a">24 pages : </subfield>
    <subfield code="b">color illustrations ; </subfield>
    <subfield code="c">18 cm</subfield>
  </datafield>
  <datafield tag="505" ind1=" " ind2=" ">
    <subfield code="a">G
</subfield>
  </datafield>
  <datafield tag="520" ind1=" " ind2=" ">
    <subfield code="a">Kids Will Learn About Insects That Fly.</subfield>
  </datafield>
  <datafield tag="521" ind1="8" ind2=" ">
    <subfield code="a">380
</subfield>
    <subfield code="b">Lexile estimate
</subfield>
  </datafield>
  <datafield tag="521" ind1="8" ind2=" ">
    <subfield code="a">G
</subfield>
    <subfield code="b">Raz-Plus
</subfield>
  </datafield>
  <datafield tag="650" ind1=" " ind2=" ">
    <subfield code="a">Animals</subfield>
    <subfield code="v">Literature</subfield>
    <subfield code="x">Science</subfield>
  </datafield>
  <datafield tag="942" ind1=" " ind2=" ">
    <subfield code="2">ddc</subfield>
    <subfield code="c">BK</subfield>
    <subfield code="n">0</subfield>
  </datafield>
  <datafield tag="999" ind1=" " ind2=" ">
    <subfield code="c">9261</subfield>
    <subfield code="d">9261</subfield>
  </datafield>
  <datafield tag="952" ind1=" " ind2=" ">
    <subfield code="0">0</subfield>
    <subfield code="1">0</subfield>
    <subfield code="2">ddc</subfield>
    <subfield code="4">0</subfield>
    <subfield code="7">0</subfield>
    <subfield code="8">NFIC</subfield>
    <subfield code="a">002</subfield>
    <subfield code="b">002</subfield>
    <subfield code="c">TTP Dark Blue</subfield>
    <subfield code="d">2025-12-05</subfield>
    <subfield code="l">0</subfield>
    <subfield code="o">GRE 595.7 QL565.G746 </subfield>
    <subfield code="p">FIS03280</subfield>
    <subfield code="r">2025-12-05 16:07:15</subfield>
    <subfield code="t">1</subfield>
    <subfield code="w">2025-12-05</subfield>
    <subfield code="y">BK</subfield>
  </datafield>
  <datafield tag="952" ind1=" " ind2=" ">
    <subfield code="0">0</subfield>
    <subfield code="1">0</subfield>
    <subfield code="2">ddc</subfield>
    <subfield code="4">0</subfield>
    <subfield code="7">0</subfield>
    <subfield code="8">NFIC</subfield>
    <subfield code="a">002</subfield>
    <subfield code="b">002</subfield>
    <subfield code="c">TTP Dark Blue</subfield>
    <subfield code="d">2025-12-09</subfield>
    <subfield code="l">0</subfield>
    <subfield code="o">GRE 595.7 QL565.G746 </subfield>
    <subfield code="p">FISTK02539</subfield>
    <subfield code="r">2025-12-09 08:17:04</subfield>
    <subfield code="t">2</subfield>
    <subfield code="w">2025-12-09</subfield>
    <subfield code="y">BK</subfield>
  </datafield>
</record>
